Clinical Neuroanatomy (Record no. 1162)
[ view plain ]
| 000 -LEADER | |
|---|---|
| fixed length control field | 02273cam a22003854a 4500 |
| 001 - CONTROL NUMBER | |
| control field | 15453184 |
| 003 - CONTROL NUMBER IDENTIFIER | |
| control field | OSt |
| 005 - DATE AND TIME OF LATEST TRANSACTION | |
| control field | 20200128154841.0 |
| 008 - FIXED-LENGTH DATA ELEMENTS--GENERAL INFORMATION | |
| fixed length control field | 080916s2010 paua b 001 0 eng |
| 010 ## - LIBRARY OF CONGRESS CONTROL NUMBER | |
| LC control number | 2008040897 |
| 015 ## - NATIONAL BIBLIOGRAPHY NUMBER | |
| National bibliography number | GBA8B6375 |
| Source | bnb |
| 016 7# - NATIONAL BIBLIOGRAPHIC AGENCY CONTROL NUMBER | |
| Record control number | 101484408 |
| Source | DNLM |
| 016 7# - NATIONAL BIBLIOGRAPHIC AGENCY CONTROL NUMBER | |
| Record control number | 014771570 |
| Source | Uk |
| 020 ## - INTERNATIONAL STANDARD BOOK NUMBER | |
| International Standard Book Number | 9780781794275 |
| 020 ## - INTERNATIONAL STANDARD BOOK NUMBER | |
| International Standard Book Number | 0781794277 |
| 035 ## - SYSTEM CONTROL NUMBER | |
| System control number | (OCoLC)ocn253189573 |
| 040 ## - CATALOGING SOURCE | |
| Original cataloging agency | DNLM/DLC |
| Transcribing agency | DLC |
| Modifying agency | BTCTA |
| -- | BAKER |
| -- | YDXCP |
| -- | NLM |
| -- | C#P |
| -- | UKM |
| -- | BWX |
| -- | CDX |
| -- | IG# |
| -- | DLC |
| 042 ## - AUTHENTICATION CODE | |
| Authentication code | pcc |
| 050 00 - LIBRARY OF CONGRESS CALL NUMBER | |
| Classification number | QM451 |
| Item number | .S64 2010 |
| 082 00 - DEWEY DECIMAL CLASSIFICATION NUMBER | |
| Classification number | WL101 S27c 2010 |
| Edition number | 22 |
| 100 1# - MAIN ENTRY--PERSONAL NAME | |
| Personal name | Snell, Richard S. |
| 9 (RLIN) | 793 |
| 245 10 - TITLE STATEMENT | |
| Title | Clinical Neuroanatomy |
| 250 ## - EDITION STATEMENT | |
| Edition statement | 7th ed. |
| 260 ## - PUBLICATION, DISTRIBUTION, ETC. (IMPRINT) | |
| Place of publication, distribution, etc. | Philadelphia; |
| Name of publisher, distributor, etc. | Wolters Kluwer, |
| Date of publication, distribution, etc. | c2010. |
| 300 ## - PHYSICAL DESCRIPTION | |
| Extent | xviii, 542 p. : |
| Other physical details | ill. (some col.) ; |
| Dimensions | 28 cm. |
| 504 ## - BIBLIOGRAPHY, ETC. NOTE | |
| Bibliography, etc | Includes bibliographical references and index. |
| 505 0# - FORMATTED CONTENTS NOTE | |
| Formatted contents note | Introduction and organization of the nervous system -- The neurobiology of the neuron and the neuroglia -- Nerve fibers, peripheral nerves, receptor and effector endings, dermatomes, and muscle activity -- The spinal cord and the ascending and descending tracts -- The brainstem -- The cerebellum and its connections -- The cerebrum -- The structure and functional localization of the cerebral cortex -- The reticular formation and the limbic system -- The basal nuclei (basal ganglia) and their connections -- The cranial nerve nuclei and their central connections and distribution -- The thalamus and its connections -- The hypothalamus and its connections -- The autonomic nervous system -- The meninges of the brain and spinal cord -- The ventricular system, the cerebrospinal fluid, and the blood-brain and blood-cerebrospinal fluid barriers -- The blood supply of the brain and spinal cord -- The development of the nervous system. |
| 650 #0 - SUBJECT ADDED ENTRY--TOPICAL TERM | |
| Topical term or geographic name as entry element | Neuroanatomy. |
| 9 (RLIN) | 417 |
| 650 12 - SUBJECT ADDED ENTRY--TOPICAL TERM | |
| Topical term or geographic name as entry element | Nervous System |
| 9 (RLIN) | 3164 |
| 856 41 - ELECTRONIC LOCATION AND ACCESS | |
| Materials specified | Table of contents only |
| Uniform Resource Identifier | http://www.loc.gov/catdir/toc/ecip0828/2008040897.html |
| 856 42 - ELECTRONIC LOCATION AND ACCESS | |
| Materials specified | Publisher description |
| Uniform Resource Identifier | http://www.loc.gov/catdir/enhancements/fy0913/2008040897-d.html |
| 906 ## - LOCAL DATA ELEMENT F, LDF (RLIN) | |
| a | 7 |
| b | cbc |
| c | orignew |
| d | 1 |
| e | ecip |
| f | 20 |
| g | y-gencatlg |
| 942 ## - ADDED ENTRY ELEMENTS (KOHA) | |
| Source of classification or shelving scheme | Other/Generic Classification Scheme |
| Koha item type | Short Loan |
| Withdrawn status | Lost status | Source of classification or shelving scheme | Damaged status | Not for loan | Home library | Current library | Date acquired | Source of acquisition | Inventory number | Total Checkouts | Full call number | Barcode | Date last seen | Koha item type | Date last checked out | Checked out | Public note |
|---|---|---|---|---|---|---|---|---|---|---|---|---|---|---|---|---|---|
| Other/Generic Classification Scheme | MUST Main Library | MUST Main Library | 06/03/2015 | Purchase | 13/37129 | WL 101 S27c 2010 | 2015-0485 | 06/03/2015 | Short Loan | ||||||||
| Other/Generic Classification Scheme | MUST Main Library | MUST Main Library | 03/07/2015 | 15/39311 | WL 101 S27c 2010 | 2015-2004 | 03/07/2015 | Short Loan | |||||||||
| Other/Generic Classification Scheme | MUST Main Library | MUST Main Library | 03/07/2015 | 15/39312 | 2 | WL 101 S27c 2010 | 2015-2005 | 15/01/2024 | Book Bank | 11/12/2023 | |||||||
| Other/Generic Classification Scheme | MUST Main Library | MUST Main Library | 03/07/2015 | 15/39313 | 2 | WL 101 S27c 2010 | 2015-2006 | 22/04/2022 | Book Bank | 02/02/2022 | |||||||
| Other/Generic Classification Scheme | MUST Main Library | MUST Main Library | 03/07/2015 | 15/39314 | 3 | WL 101 S27c 2010 | 2015-2007 | 27/11/2024 | Book Bank | 21/10/2024 | |||||||
| Other/Generic Classification Scheme | MUST Main Library | MUST Main Library | 03/07/2015 | 15/39315 | 1 | WL 101 S27c 2010 | 2015-2008 | 06/04/2022 | Book Bank | 07/02/2022 | |||||||
| Other/Generic Classification Scheme | MUST Main Library | MUST Main Library | 03/07/2015 | 15/39316 | 1 | WL 101 S27c 2010 | 2015-2009 | 19/02/2021 | Book Bank | 19/02/2021 | 20/05/2021 | ||||||
| Other/Generic Classification Scheme | MUST Main Library | MUST Main Library | 03/07/2015 | 15/39317 | 3 | WL 101 S27c 2010 | 2015-2010 | 31/03/2023 | Book Bank | 10/02/2023 | |||||||
| Other/Generic Classification Scheme | MUST Main Library | MUST Main Library | 03/07/2015 | 15/39318 | WL 101 S27c 2010 | 2015-2011 | 03/07/2015 | Book Bank | |||||||||
| Other/Generic Classification Scheme | MUST Main Library | MUST Main Library | 08/02/2016 | 15/39600 | WL 101 S27c 2010 | 2016-0125 | 08/02/2016 | Open Shelf | No borrowing | ||||||||
| Other/Generic Classification Scheme | MUST Main Library | MUST Main Library | 22/09/2016 | 14/38151 | 1 | WL 101 S27c 2010 | 2016-4493 | 28/02/2024 | Open Shelf | 08/12/2023 | |||||||
| Other/Generic Classification Scheme | MUST Main Library | MUST Main Library | 22/09/2016 | 14/38150 | WL 101 S27c 2010 | 2016-4494 | 22/09/2016 | Open Shelf |
